000 00436 a2200181 4500
001 065754
003 OSt
005 20210903145719.0
008
082 _a519.54
_bK12F
100 1 _aKale, B.K.
245 1 _aParametric infrences
_cby B.K. Kale
250 _a2nd ed.
260 _aNew Delhi
_bNarosa Publication
_c2007
300 _a295p.
690 _aParametric; statistics
942 _2ddc
_cBK
999 _c116
_d116